000
003140000a22001450004500
001
005732
003
MACL
040
_a
MACL
090
_c
17725
_d
17724
245
_a
Rivayat e Islami
_b
Mansoor Ahmad
260
_a
Hindustani Kutub Khana Lahore
350
_a
0.37
650
_a
Urdu Literature
942
_k
891
_c
Book
999
_c
17614
_d
17614